| 000 | 00609nam a22001697a 4500 | ||
|---|---|---|---|
| 005 | 20120424114929.0 | ||
| 020 |
_a8170230586 _c210.00 |
||
| 035 | _aB-47014 | ||
| 037 |
_aDPL _bENG |
||
| 100 |
_aChand, Mahesh _945661 |
||
| 245 |
_aRegional planning in India / _cby Mahesh Chand and Vinay Kumar Puri |
||
| 260 |
_aNew Delhi _bAllied Publishers Limited _c2000 |
||
| 300 |
_axi, 541p. _c22 cms. |
||
| 700 |
_aPuri, Vinay Kumar _945662 |
||
| 942 |
_2ddc _cEN _h306.1 _mMAH |
||
| 999 |
_c65545 _d65545 |
||